1264 1246 1578 1085 1871 1137 1960 1754 1987 1279 1334 1403 1976 1591 1256 1075 1129 1792 1971 1610 1272 1490 1411 1432 1954 1731 1444 1612 1653 1942 1676 1430 1338 1512 1099 1149 1869 1604 1883 1677 1748 1124 1542 1611 1940 1104 1569 1420 1757 1215 1053 1228 1003 1201 1868 1722 1287 1807 1583 1023 1970 1138 1663 1445 1491 1276 1024 1466 1336 1914 1547 1820 1482 1662 1044 1588 1814 1552 1284 1897 1657 1319 1678 1709 1454 1218 1258 1834 1665 1805 1182 1724 1117 1473 1273 1177 1543 1612 1283 BCNSPRNW ULIB Ver.6.0+V

เปลี่ยนเป็นภาษาไทย

Change to English
 แสดงรายละเอียดบรรณานุกรม
  กลับหน้าหลัก

Brief Record : Get Marc (ISO 2709) : E-mail record : QR code < ปิดหน้าต่าง
LEADER : 00000nam 2200000uu 4500
001    13399114580
003     ULIB
008    120418s2552||||th 000 0 tha d
020    ^a9786115080472
050 04 ^aBQ4415^bช411ม 2552
100 0  ^aชัยมงคล
245 10 ^aมงคลชีวิต 38 ประการ /^cชัยมงคล
250    ^aพิมพ์ครั้งที่ 2
260    ^aกรุงเทพฯ :^bแสงดาว,^c2552
300    ^a120 หน้า
650  7 ^aมงคล
650  7 ^aธรรมะ
945    ^p90^l0^i17064
995    ^aกัณชพร
999    ^aใช้งานได้ทุกระบบ
รายการนี้ยังไม่มีแท็ก
คุณยังไม่ได้ล็อกอิน คุณสามารถมีกิจกรรมร่วมกับเว็บไซต์ได้ แต่ต้องล็อกอินก่อน ::
  ล็อกอิน

รายการสื่อสารสนเทศ

ลำดับที่ ประเภท เลขเรียก/บาร์โค้ด สถานที่ สถานะ
- ไม่พบข้อมูล -

รายการใกล้เคียง
    ผู้แต่ง [ชัยมงคล]

    หัวเรื่อง [มงคล]
    หัวเรื่อง [ธรรมะ]

BibComment


ยังไม่เคยถูกคอมเมนท์

คอมเมนท์ทรัพยากรรายการนี้
  คอมเมนท์: มงคลชีวิต 38 ประ..


 Copyright 2026. Bcnsprnw @Library